| 000 | 01372cam a2200397 a 4500 | ||
|---|---|---|---|
| 001 | 13599850 | ||
| 003 | OSt | ||
| 005 | 20140310184415.0 | ||
| 008 | 040520s2005 nyu c 000 1 eng | ||
| 010 | _a 2004050633 | ||
| 020 | _a9780439021302 | ||
| 020 | _a0439021308 | ||
| 040 |
_aDLC _cDLC _dDLC |
||
| 042 | _alcac | ||
| 050 | 0 | 0 |
_aPZ 7 _b.D3597 2007 |
| 100 | 1 |
_aDeFelice, Cynthia C. _918073 |
|
| 245 | 1 | 4 |
_aThe missing manatee / _cCynthia DeFelice. |
| 250 | _a1st ed. | ||
| 260 |
_aNew York : _bFarrar, Straus and Giroux, _c2007. |
||
| 300 |
_a181 p. : _c22 cm. |
||
| 521 | _aG6 | ||
| 526 | _c830 | ||
| 650 | 1 |
_aBoats and boating _vFiction. _926363 |
|
| 650 | 1 |
_aFishing _vFiction. _926364 |
|
| 650 | 1 |
_aFamily problems _vFiction. _926365 |
|
| 650 | 1 |
_aManatees _vFiction. _926366 |
|
| 650 | 1 |
_aMystery and detective stories. _93790 |
|
| 651 | 1 |
_aFlorida _vFiction. _926367 |
|
| 856 | 4 | 2 |
_3Contributor biographical information _uhttp://www.loc.gov/catdir/enhancements/fy0618/2004050633-b.html |
| 856 | 4 | 2 |
_3Publisher description _uhttp://www.loc.gov/catdir/enhancements/fy0618/2004050633-d.html |
| 906 |
_a7 _bcbc _corignew _d1 _eocip _f20 _gy-gencatlg |
||
| 942 |
_2lcc _cBK-SCHOLAS |
||
| 999 |
_c34152 _d34152 |
||